000 00305cam a22001097a 4500
008 180718b1978 xxu||||| |||| 00| 0 eng d
020 _a0 10 545678 0
082 _aK8503x42 Un3/1978
245 _aParliamentary pensions act 1978
260 _aLondon
_bHer Majesty's Stationery Office
_c1978
300 _a22+p.
999 _c500177
_d500177